[Event "Festival de Montpellier - Masters"]
[Site "MONTPELLIER"]
[Date "2003.??.??"]
[Round "6.15"]
[White "Ionescu, Doru Alexandru"]
[Black "Cornette, Matthieu"]
[Result "1/2-1/2"]
[WhiteElo "2406"]
[BlackElo "2366"]
[PlyCount "84"]

1. e4 c6 2. d4 d5 3. exd5 cxd5 4. Bd3 Nc6 5. c3 Nf6 6. Bf4 Bg4 7. Nf3 e6 8.
Nbd2 Bd6 9. Bxd6 Qxd6 10. O-O O-O 11. Qe2 a6 12. a4 Rfe8 13. h3 Bf5 14. Rfe1
Bxd3 15. Qxd3 e5 16. dxe5 Nxe5 17. Nxe5 Rxe5 18. Qd4 Rxe1+ 19. Rxe1 Re8 20.
Rxe8+ Nxe8 21. a5 Qe6 22. Nf1 g6 23. Ne3 Nf6 24. Kf1 h5 25. g4 Kg7 26. Kg2 Kh6
27. f3 hxg4 28. hxg4 Kh7 29. Kg3 Kg8 30. Kf4 Qc6 31. Qe5 Nd7 32. Qe8+ Kg7 33.
Kg3 d4 34. cxd4 Qd6+ 35. f4 Qxd4 36. b4 b6 37. axb6 Nxb6 38. Qe5+ Qxe5 39. fxe5
Kf8 40. Kf4 Ke7 41. Ke4 Ke6 42. Nc2 f5+ 1/2-1/2

[Event "Festival de Montpellier - Masters"]
[Site "MONTPELLIER"]
[Date "2003.??.??"]
[Round "6.16"]
[White "Parmentier, Xavier"]
[Black "Aaberg, Anton"]
[Result "0-1"]
[WhiteElo "2347"]
[BlackElo "2404"]
[PlyCount "74"]

1. d4 Nf6 2. Nf3 g6 3. c4 Bg7 4. Nc3 d5 5. cxd5 Nxd5 6. e4 Nxc3 7. bxc3 c5 8.
Be3 Nc6 9. Qd2 Qa5 10. Rc1 cxd4 11. cxd4 Qxd2+ 12. Kxd2 O-O 13. d5 Rd8 14. Ke1
Ne5 15. Nxe5 Bxe5 16. f4 Bd6 17. Kf2 e5 18. Bc5 Bxc5+ 19. Rxc5 exf4 20. Bd3 Bg4
21. Rhc1 Rac8 22. Rc7 Rxc7 23. Rxc7 Rd7 24. Rc8+ Kg7 25. h3 Bh5 26. Bc4 Kf6 27.
Bb3 a6 28. Rh8 g5 29. Rc8 Ke5 30. Re8+ Kd4 31. Bc2 f5 32. Re6 fxe4 33. Rxe4+
Kxd5 34. Ra4 Kc5 35. Be4 h6 36. Ra3 Re7 37. Bd3 Re3 0-1

[Event "Festival de Montpellier - Masters"]
[Site "MONTPELLIER"]
[Date "2003.??.??"]
[Round "6.18"]
[White "Maes, Wim"]
[Black "Bergez, Luc"]
[Result "0-1"]
[WhiteElo "2294"]
[BlackElo "2400"]
[PlyCount "114"]

1. e4 c5 2. Nf3 d6 3. d4 cxd4 4. Nxd4 Nf6 5. Nc3 g6 6. Be3 Bg7 7. f3 O-O 8. Qd2
Nc6 9. O-O-O d5 10. exd5 Nxd5 11. Nxc6 bxc6 12. Nxd5 cxd5 13. Qxd5 Qc7 14. Qc5
Qb8 15. Qa3 Be6 16. Ba6 Qe5 17. Kb1 Rfd8 18. g3 Bd5 19. Bd4 Bxa2+ 20. Kxa2 Rxd4
21. Rxd4 Qxd4 22. c3 Qf2 23. Qb3 Be5 24. Rc1 Rb8 25. Qc2 Qxf3 26. Bc4 Qc6 27.
Bb3 Qb5 28. Rd1 Qa5+ 29. Ba4 Rb6 30. Re1 Ra6 31. Re4 Qd5+ 32. Kb1 Rf6 33. Re1
Qc5 34. Rd1 Qb6 35. Ka2 Qa5 36. Re1 Qc5 37. Qe4 Bd6 38. Bb3 Qa5+ 39. Kb1 Qb5
40. Ka2 Qa6+ 41. Kb1 Rf2 42. Bc4 Qb6 43. Re2 Rxh2 44. Rxh2 Qg1+ 45. Ka2 Qxh2
46. Qf3 e6 47. Qa8+ Bf8 48. Qxa7 Qxg3 49. Qb7 h5 50. Be2 h4 51. Bf3 h3 52. b4
g5 53. Kb3 g4 54. Be4 Qe3 55. b5 Kg7 56. Qc6 Bc5 57. Kc4 g3 0-1

[Event "Festival de Montpellier - Masters"]
[Site "MONTPELLIER"]
[Date "2003.??.??"]
[Round "7.4"]
[White "Collas, Didier"]
[Black "Karpatchev, Aleksandr"]
[Result "0-1"]
[WhiteElo "2437"]
[BlackElo "2397"]
[PlyCount "84"]

1. Nf3 d5 2. d4 Nf6 3. c4 dxc4 4. e3 a6 5. Bxc4 e6 6. a4 c5 7. O-O Nc6 8. Qe2
Qc7 9. Nc3 Bd6 10. Bd2 O-O 11. Rac1 b6 12. Bd3 Bb7 13. Ne4 Nxe4 14. Bxe4 Qe7
15. dxc5 bxc5 16. Bc3 f5 17. Bb1 e5 18. Qc4+ Kh8 19. Qh4 Rf6 20. Rfd1 Nd4 21.
exd4 Bxf3 22. dxe5 Rg6 23. Qxe7 Rxg2+ 24. Kf1 Bxe7 25. Rd3 Rxh2 26. Rxf3 Rh1+
27. Kg2 Rxc1 28. Bxf5 Rf8 29. Bd3 Rxf3 30. Kxf3 Ra1 31. a5 Bd8 32. e6 Kg8 33.
Bxa6 Bxa5 34. Bc4 Kf8 35. e7+ Kxe7 36. Bxg7 Rg1 37. Bh6 Bc7 38. Bd3 Kf6 39. Be3
h5 40. Bxc5 h4 41. Ke4 h3 42. Bd4+ Ke7 0-1

[Event "Festival de Montpellier - Masters"]
[Site "MONTPELLIER"]
[Date "2003.??.??"]
[Round "7.6"]
[White "Prie, Eric"]
[Black "Flear, Glenn C"]
[Result "0-1"]
[WhiteElo "2435"]
[BlackElo "2527"]
[PlyCount "72"]

1. d4 d5 2. Nf3 Nf6 3. c3 e6 4. Bg5 Be7 5. Nbd2 b6 6. e3 Bb7 7. Bb5+ c6 8. Bd3
Nbd7 9. a4 a5 10. Qe2 c5 11. O-O O-O 12. Rfe1 Ne4 13. Bxe7 Qxe7 14. Bc2 Ba6 15.
Bd3 Bxd3 16. Qxd3 Nd6 17. e4 dxe4 18. Nxe4 Nxe4 19. Qxe4 cxd4 20. Nxd4 Nc5 21.
Qc2 Qf6 22. Rad1 e5 23. Nb5 Qf4 24. b3 Rad8 25. Nc7 e4 26. Nd5 Qd6 27. f3 f5
28. fxe4 fxe4 29. Rd4 Qe5 30. Qd1 Qg5 31. Re2 Nd3 32. h4 Qxh4 33. Rdxe4 Nf4 34.
Rxf4 Qxf4 35. Rd2 Qd6 36. Qe1 Rfe8 0-1

[Event "Festival de Montpellier - Masters"]
[Site "MONTPELLIER"]
[Date "2003.??.??"]
[Round "7.7"]
[White "Aaberg, Anton"]
[Black "Dumitrache, Dragos"]
[Result "1/2-1/2"]
[WhiteElo "2404"]
[BlackElo "2492"]
[PlyCount "45"]

1. d4 Nf6 2. c4 e6 3. g3 c5 4. Nf3 d5 5. cxd5 exd5 6. Bg2 Nc6 7. O-O Be7 8. Nc3
O-O 9. Bg5 c4 10. Ne5 Be6 11. e3 Nd7 12. Bxe7 Nxe7 13. Qd2 f6 14. Nxd7 Qxd7 15.
e4 dxe4 16. Bxe4 Nd5 17. Rfe1 Rae8 18. Re2 Nxc3 19. bxc3 Bf7 20. Rae1 b5 21.
Qc2 g6 22. Qb2 Re6 23. Bf3 1/2-1/2

[Event "Festival de Montpellier - Masters"]
[Site "MONTPELLIER"]
[Date "2003.??.??"]
[Round "7.9"]
[White "Bergez, Luc"]
[Black "Libiszewski, Fabien"]
[Result "0-1"]
[WhiteElo "2400"]
[BlackElo "2458"]
[PlyCount "108"]

1. e4 e6 2. d4 d5 3. Nc3 Nf6 4. Bg5 Bb4 5. e5 h6 6. Bd2 Bxc3 7. bxc3 Ne4 8. Qg4
g6 9. Bd3 Nxd2 10. Kxd2 c5 11. h4 c4 12. Be2 Nd7 13. h5 g5 14. Qg3 f5 15. exf6
Nxf6 16. f3 Bd7 17. Nh3 Qe7 18. Qc7 Bc6 19. Qe5 O-O-O 20. Nf2 Nd7 21. Qe3 e5
22. dxe5 d4 23. cxd4 Nxe5 24. c3 Rhe8 25. Ne4 Ng4 26. fxg4 Bxe4 27. Bxc4 Qc7
28. Bd3 Bxg2 29. Qf2 Bxh1 30. Rxh1 Kb8 31. Rb1 Rf8 32. Bf5 Qa5 33. Kd3 Qa6+ 34.
c4 Rf7 35. Rb5 Rc7 36. Qh2 Qa3+ 37. Ke4 Qc3 38. Rd5 Qe1+ 39. Kd3 Qb1+ 40. Ke3
Qc1+ 41. Ke4 Qe1+ 42. Kd3 Rxd5 43. cxd5 b6 44. Bd7 Qb1+ 45. Ke3 Qc1+ 46. Ke4
Qb1+ 47. Ke3 Qb4 48. Kd3 Qa3+ 49. Ke4 Kb7 50. Be6 Rc1 51. Qd2 Rf1 52. Bf5 Rf4+
53. Ke5 Qe7+ 54. Be6 Qg7+ 0-1

[Event "Festival de Montpellier - Masters"]
[Site "MONTPELLIER"]
[Date "2003.??.??"]
[Round "7.11"]
[White "Gladyszev, Oleg"]
[Black "Pert, Richard G"]
[Result "1/2-1/2"]
[WhiteElo "2455"]
[BlackElo "2380"]
[PlyCount "36"]

1. d4 e6 2. c4 f5 3. g3 Nf6 4. Bg2 Be7 5. Nf3 O-O 6. O-O d6 7. Nc3 Ne4 8. Qc2
Nxc3 9. Qxc3 a5 10. b3 Nc6 11. Bb2 Bf6 12. Rad1 Qe8 13. Qd2 e5 14. dxe5 dxe5
15. e4 f4 16. h3 Be6 17. Qe2 Qg6 18. g4 Rae8 1/2-1/2

[Event "Festival de Montpellier - Masters"]
[Site "MONTPELLIER"]
[Date "2003.??.??"]
[Round "7.12"]
[White "Marcelin, Cyril"]
[Black "Sermier, Guillaume"]
[Result "1/2-1/2"]
[WhiteElo "2503"]
[BlackElo "2373"]
[PlyCount "56"]

1. d4 d5 2. c4 Bf5 3. cxd5 Bxb1 4. Qa4+ c6 5. Rxb1 Qxd5 6. Nf3 Nd7 7. b4 Ngf6
8. e3 e6 9. Qc2 Bd6 10. Be2 a5 11. b5 Bb4+ 12. Bd2 Bxd2+ 13. Nxd2 Qxg2 14. Bf3
Qg6 15. Qxg6 hxg6 16. Nc4 Ke7 17. bxc6 bxc6 18. Bxc6 Ra7 19. Rb7 Rxb7 20. Bxb7
Rh5 21. a4 Nd5 22. O-O N5b6 23. Nb2 e5 24. Rd1 exd4 25. Rxd4 Rc5 26. Re4+ Re5
27. Rd4 Rc5 28. Re4+ Re5 1/2-1/2

[Event "Festival de Montpellier - Masters"]
[Site "MONTPELLIER"]
[Date "2003.??.??"]
[Round "7.13"]
[White "Pert, Nicholas"]
[Black "Cornette, Matthieu"]
[Result "1-0"]
[WhiteElo "2483"]
[BlackElo "2366"]
[PlyCount "49"]

1. d4 d5 2. c4 c6 3. Nf3 Nf6 4. e3 a6 5. Bd3 Bg4 6. Nbd2 Nbd7 7. Qc2 e6 8. b3
Be7 9. Bb2 Rc8 10. O-O Bh5 11. Rac1 Bg6 12. Bxg6 hxg6 13. Ne5 dxc4 14. bxc4
Nxe5 15. dxe5 Nd7 16. Ne4 Qc7 17. c5 Nxe5 18. Rfd1 Nd7 19. Nd6+ Bxd6 20. cxd6
Qa5 21. Bxg7 Rh7 22. Ba1 Rh4 23. Qb2 Qh5 24. Qxb7 Rb8 25. Qxc6 1-0

[Event "Festival de Montpellier - Masters"]
[Site "MONTPELLIER"]
[Date "2003.??.??"]
[Round "7.14"]
[White "Touzane, Olivier"]
[Black "Gozzoli, Yannick"]
[Result "0-1"]
[WhiteElo "2328"]
[BlackElo "2445"]
[PlyCount "74"]

1. Nf3 Nf6 2. g3 g6 3. Bg2 Bg7 4. O-O O-O 5. d4 d6 6. a4 Nc6 7. a5 a6 8. d5 Nb8
9. c4 c5 10. Nc3 b5 11. axb6 Nbd7 12. e4 Nxb6 13. e5 Ng4 14. e6 Ne5 15. Nxe5
Bxe5 16. Bh6 fxe6 17. Bxf8 Qxf8 18. dxe6 Rb8 19. Qg4 Qf5 20. Qxf5 gxf5 21. Nd5
Nxd5 22. Bxd5 Rxb2 23. Rab1 Rb4 24. Rbd1 a5 25. Rd3 Kg7 26. f4 Bb2 27. g4 fxg4
28. h3 h5 29. hxg4 hxg4 30. Rg3 Kf6 31. f5 Kg5 32. Kh1 Be5 33. Ra3 a4 34. Bc6
Rxc4 35. Rxa4 Rxa4 36. Bxa4 Bb7+ 37. Kg1 g3 0-1

[Event "Festival de Montpellier - Masters"]
[Site "MONTPELLIER"]
[Date "2003.??.??"]
[Round "7.15"]
[White "Giffard, Nicolas"]
[Black "Ionescu, Doru Alexandru"]
[Result "1/2-1/2"]
[WhiteElo "2336"]
[BlackElo "2406"]
[PlyCount "109"]

1. d4 c5 2. c3 e6 3. Nf3 Nf6 4. Bg5 b6 5. Nbd2 Bb7 6. e3 Be7 7. a4 Nc6 8. Bd3
cxd4 9. exd4 O-O 10. O-O Nd5 11. Be3 f5 12. Nc4 Nxe3 13. fxe3 Rc8 14. Qe2 Qc7
15. e4 Nxd4 16. Nxd4 fxe4 17. Bxe4 Bxe4 18. Nxb6 Qxb6 19. Qxe4 Qxb2 20. Nxe6
Qb6+ 21. Nd4 Bf6 22. Qd5+ Kh8 23. Rab1 Qc5 24. Qxd7 Qxc3 25. Nf3 Rc7 26. Qb5
Qc5+ 27. Qxc5 Rxc5 28. Rfc1 Bc3 29. Kf1 h6 30. Rb5 Rxb5 31. axb5 Ba5 32. Rc5
Bb6 33. Rd5 Kg8 34. h3 Rf4 35. Ke2 Kf7 36. Rd7+ Kf6 37. Kd3 Rb4 38. Nd4 Bxd4
39. Rxd4 Rxb5 40. Rd6+ Ke5 41. Ra6 Rb7 42. Ra4 Rf7 43. Ke3 Kd5 44. Ra1 Re7+ 45.
Kf4 Rf7+ 46. Kg4 Rc7 47. Kf5 Kd4 48. Kg6 Ke5 49. Ra4 Rb7 50. g4 Rd7 51. h4 Rb7
52. g5 hxg5 53. hxg5 Ke6 54. Ra6+ Ke5 55. Ra5+ 1/2-1/2

[Event "Festival de Montpellier - Masters"]
[Site "MONTPELLIER"]
[Date "2003.??.??"]
[Round "7.16"]
[White "Saucey, Michel"]
[Black "Vajda, Szidonia"]
[Result "1-0"]
[WhiteElo "2311"]
[BlackElo "2403"]
[PlyCount "83"]

1. d4 d5 2. c4 dxc4 3. Nf3 Nf6 4. Nc3 a6 5. e4 b5 6. e5 Nd5 7. Ng5 e6 8. Qh5
Qe7 9. Be2 h6 10. Bf3 g6 11. Qh3 Nc6 12. Nge4 Nxd4 13. Nf6+ Nxf6 14. exf6 Qxf6
15. Bxa8 Nc2+ 16. Ke2 Nxa1 17. Bc6+ Bd7 18. Ne4 Qg7 19. Bxd7+ Kxd7 20. Rd1+ Ke8
21. Qf3 f5 22. Nc3 Bd6 23. Qc6+ Kf8 24. Qxa6 Qe5+ 25. Kf1 Nc2 26. Nxb5 Qxh2 27.
Nxd6 cxd6 28. Qxc4 Qh1+ 29. Ke2 Qxg2 30. Qxc2 Qg4+ 31. Kf1 Qh3+ 32. Ke1 Qh1+
33. Kd2 Qd5+ 34. Ke2 Qb5+ 35. Ke1 Qa5+ 36. Bd2 Qxa2 37. Qc8+ Kg7 38. Bc3+ e5
39. Qd7+ Qf7 40. Qxd6 Re8 41. Bxe5+ Kh7 42. Rc1 1-0

[Event "Festival de Montpellier - Masters"]
[Site "MONTPELLIER"]
[Date "2003.??.??"]
[Round "7.17"]
[White "Beudaert, Xavier"]
[Black "Cioara, Andrei Nestor"]
[Result "0-1"]
[WhiteElo "2272"]
[BlackElo "2394"]
[PlyCount "56"]

1. e4 e6 2. d3 d5 3. Nd2 c5 4. Ngf3 Nc6 5. g3 Nf6 6. Bg2 Be7 7. O-O O-O 8. c3
b5 9. e5 Nd7 10. Re1 b4 11. Nf1 a5 12. a4 bxa3 13. Rxa3 Qb6 14. Ra4 Ba6 15. Rg4
Rfd8 16. Bh6 g6 17. Qd2 Rab8 18. c4 dxc4 19. Qf4 cxd3 20. Bg5 Qxb2 21. Rh4 Rb4
22. Re4 Rxe4 23. Qxe4 Bxg5 24. Nxg5 Qxe5 25. Qxc6 Nb8 26. Qb6 Qxg5 27. Nd2 c4
28. Ne4 d2 0-1

[Event "Festival de Montpellier - Masters"]
[Site "MONTPELLIER"]
[Date "2003.??.??"]
[Round "7.20"]
[White "Bricard, Emmanuel"]
[Black "Calzetta, Monica"]
[Result "1-0"]
[WhiteElo "2456"]
[BlackElo "2242"]
[PlyCount "79"]

1. d4 Nf6 2. c4 c5 3. d5 b5 4. Nf3 g6 5. cxb5 a6 6. bxa6 Bxa6 7. Nc3 d6 8. e4
Bxf1 9. Kxf1 Nbd7 10. g3 Bg7 11. Kg2 O-O 12. Re1 Ng4 13. Qe2 Ra7 14. Nd2 Ngf6
15. Nc4 Qa8 16. Bg5 Rb8 17. Rad1 Nb6 18. Bxf6 Bxf6 19. e5 Bg7 20. exd6 Nxc4 21.
Qxc4 exd6 22. Rd2 Be5 23. Rxe5 dxe5 24. Qxc5 Rab7 25. b3 f5 26. Qe3 Re8 27. h4
Rc7 28. a4 Qb7 29. Nb5 Rd7 30. Kh2 Red8 31. d6 e4 32. h5 Qc6 33. h6 Qc1 34. b4
Rc8 35. Nc7 Qa1 36. Qb3+ Rf7 37. d7 Rd8 38. Ne6 Rdxd7 39. Rc2 Rfe7 40. Rc8+ 1-0